00311nam a2200121Ia 4500008004100000082001500041100002300056245003800079250001200117260004000129300000800169650001200177191201s2005 xx 000 0 und d a485.5bBHP aBHATIA, Pravin S R 0aProfessional Communication Skills a1st Rep aN.DelhibS Chand and Co. Ltd.c2005 a178 aApplied